| 000 | 01222nam1a22003611i 4500 | ||
|---|---|---|---|
| 001 | v19\rc\1688197 | ||
| 005 | 20240723121544.0 | ||
| 035 | _a(NLR Aleph) 004841721 | ||
| 090 |
_a4829189 _c4829189 |
||
| 100 | _a20061002g18961906|||y0rusy50 ca | ||
| 101 | 1 |
_arus _cfre |
|
| 102 | _aRU | ||
| 105 | _a z ||||| | ||
| 200 | 1 |
_aЗемля и люди _eВсемир. география, соч. Э. Реклю. Вып. [1]- |
|
| 210 |
_aСанкт-Петербург _cО.Н. Попова _d1896-1906 |
||
| 215 | _d22 | ||
| 300 | _aНа тит. л. перед загл. авт. - Элизе Реклю | ||
| 309 | _aВып. 1-2 без общ. тит. л. Описано по обл. | ||
| 532 | 1 | 3 | _aЗемля и люди |
| 700 | 1 |
_aРеклю _bЖ.Ж.Э. _f1830-1905 _gЖан Жак Элизе |
|
| 801 | 0 |
_aRU _bNLR _gpsbo |
|
| 801 | 0 |
_aRU _bRuMoRGB _2psbo |
|
| 801 | 1 |
_aRU _bProSoft-M _2rusmarc |
|
| 852 |
_aNLR _jШифры разные |
||
| 899 |
_aRuMoRGB _jG 51/145 |
||
| 899 |
_aRuMoRGB _jРб 4/361 (вып. 6) |
||
| 899 |
_aRuMoRGB _jРб 45/67 (вып. 3, ч. 1) |
||
| 899 | _aБАН | ||
| 899 | _aНБ СПбГУ | ||
| 899 | _aГПИБ | ||
| 899 | _aНБ МГУ (1-3, 5-9) | ||
| 942 | _cBOOK | ||